Vista normal Vista MARC

Entrada Personal Name

Número de registros utilizados en: 1

001 - CONTROL NUMBER

  • control field: 10795

003 - CONTROL NUMBER IDENTIFIER

  • control field: OSt

005 - DATE AND TIME OF LATEST TRANSACTION

  • control field: 20200924115143.0

008 - FIXED-LENGTH DATA ELEMENTS

  • fixed length control field: 200924|| aca||aabn | a|a d

040 ## - CATALOGING SOURCE

  • Original cataloging agency: OSt
  • Transcribing agency: OSt

100 ## - HEADING--PERSONAL NAME

  • Personal name: Cooper, Norman.

670 ## - SOURCE DATA FOUND

  • Source citation: Work cat.: (OSt)3867: Herrera, Yajaira. autora 10788, Manual para la adquisición y procesamiento de sísmica terrestre y su aplicación en Colombia /, 2010.